Ứng dụng AutoCAD\AME trong thiết kế cơ khí và xây dựng
Tổng quan; Vật thể 3D trong AUTOCAD R12 & 13; Miền, vật thể đặc (Region; Solid); Biểu diễn mô hình; Vài mô hình CAD đơn giản trong cơ khí và xây dựng; Khả năng ứng dụng của đề tài.
Guardat en:
| Autor principal: | |
|---|---|
| Altres autors: | |
| Format: | Llibre |
| Idioma: | Vietnamese |
| Publicat: |
Đà Nẵng :
Đại học Đà Nẵng,
1997.
|
| Matèries: | |
| Etiquetes: |
Afegir etiqueta
Sense etiquetes, Sigues el primer a etiquetar aquest registre!
|
| Thư viện lưu trữ: | Mạng thư viện Đại học Đà Nẵng |
|---|
| LEADER | 01581cam a2200397 a 4500 | ||
|---|---|---|---|
| 001 | 000043405 | ||
| 003 | 1372 | ||
| 005 | 20060215141946.0 | ||
| 008 | 010217b1997 vm 000 vie | ||
| 040 | |a LRC |c LRC |d LRC | ||
| 041 | 0 | |a vie | |
| 082 | 1 | 4 | |a 621.815 |b PH-T |
| 100 | 1 | |a Phan Tường. | |
| 245 | 1 | 0 | |a Ứng dụng AutoCAD\AME trong thiết kế cơ khí và xây dựng |h [Thesis-Luận văn] / |c Phan Tường thực hiện ; Nguyễn Xuân Hùng hướng dẫn. |
| 260 | |a Đà Nẵng : |b Đại học Đà Nẵng, |c 1997. | ||
| 300 | |a 119 tr. : |b mh. ; |c 29 cm. | ||
| 520 | 3 | |a Tổng quan; Vật thể 3D trong AUTOCAD R12 & 13; Miền, vật thể đặc (Region; Solid); Biểu diễn mô hình; Vài mô hình CAD đơn giản trong cơ khí và xây dựng; Khả năng ứng dụng của đề tài. | |
| 630 | 0 | 4 | |a Xây dựng. |
| 630 | 0 | 4 | |a Cơ khí. |
| 630 | 0 | 4 | |a AutoCAD. |
| 630 | 0 | 4 | |a AME. |
| 650 | 0 | 4 | |a AutoCAD\AME |x ứng dụng. |
| 700 | 1 | |a Nguyễn Xuân Hùng, |c PTS., |e hướng dẫn. | |
| OWN | |a DUT | ||
| AVA | |a UDN50 |b DUT |c Internal Resources |d 621.815 PH-T |e available |t Error 5001 Not defined in file expand_doc_bib_avail. |f 1 |g 0 |h N |i 0 |j NS |k 1 | ||
| 999 | |a From the UDN01 | ||
| AVA | |a UDN50 |b DUT |c Internal Resources |d 621.815 PH-T |e available |t Error 5001 Not defined in file expand_doc_bib_avail. |f 1 |g 0 |h N |i 0 |j NS |k 1 | ||
| TYP | |a Mixed Materials | ||
| TYP | |a Monograph | ||
| TYP | |a Printed language | ||
| 980 | |a Mạng thư viện Đại học Đà Nẵng | ||